| 000 | 01079 a2200241 4500 | ||
|---|---|---|---|
| 003 | Nust | ||
| 005 | 20221013124130.0 | ||
| 010 | _a 86017663 | ||
| 020 | _a0387168702 (U.S.) | ||
| 040 | _cNust | ||
| 082 | 0 | 0 | _a651.483,RUE |
| 100 | 1 |
_aRueppel, Rainer A., _9100135 |
|
| 245 | 1 | 0 |
_aAnalysis and design of stream ciphers / _cRainer A. Rueppel. |
| 260 |
_aBerlin ; _aNew York : _bSpringer-Verlag, _cc1986. |
||
| 300 |
_axii, 244 p. : _bill. ; _c25 cm. |
||
| 440 | 0 |
_aCommunications and control engineering series _9100136 |
|
| 505 | _aInterdiction (Page-1), Stream Ciphers (Page-5), Algebraic Tools (Page-17), Random Sequences and Linear Complexity (Page-31), Nonlinear Theory of Periodic Sequences (Page-31), Nonlinear theory of Periodic Sequences (Pag-54), Multiple Speed : An Additional parameter in Secure Sequence Generation (Page-142), The Knapsack as Nonlinear Function (Page-163). | ||
| 650 | 0 |
_aCiphers. _929167 |
|
| 650 | 0 | _aCryptography. | |
| 650 | 0 |
_aData transmission systems _xSecurity measures. _9100137 |
|
| 650 | 0 |
_aStream ciphers. _995875 |
|
| 942 |
_2ddc _cBK |
||
| 999 |
_c183801 _d183801 |
||